000 00597pam a2200217 a 4500
001 4768676
005 20180313051119.0
008 860224t19871986maua b 001 0 eng
010 _a 86003322
020 _a0201105187 :
_c$30.00
040 _aDLC
_cDLC
_dDLC
041 _aeng
080 _a658.15244 geo
082 0 0 _a658.15244 geo
_219
100 1 _a54
101 _aman
245 1 0 _aLiquidity analysis and management /
_cby George W. Gallinger, P. Basil Healey.
504 _aBibliography: p. 570-588.
906 _a7
_bcbc
_corignew
_d1
_eocip
_f19
_gy-gencatlg
942 _2ddc
_cBK
999 _c44846
_d44846